| 000 | 00488nam a2200193Ia 4500 | ||
|---|---|---|---|
| 005 | 20240823023615.0 | ||
| 008 | 240823s9999||||xx |||||||||||||| ||und|| | ||
| 020 | _a978-81-7800-147-0 | ||
| 041 | _aENGLISH | ||
| 082 | _A620.106 P8 | ||
| 100 | _aZoeb Husain et al. | ||
| 245 | 0 | _aBasic Fluid Mechanics and Hydraulic Machines | |
| 250 | _a1st | ||
| 260 |
_c2008 _b"BS Publications,Hyde" |
||
| 500 | _aYES | ||
| 650 |
_aFluid Mechanics _bMechanical |
||
| 942 | _cBK | ||
| 999 |
_c181951 _d181951 |
||